=LDR 00000nam 2200000 4500 =001 INLIS000000000037915 =005 20140507174234.0 =006 =007 =008 Ind =035 ##$$a 0010-061300000037915 =041 ##$$a Ind =082 ##$$a 813 =090 ##$$a 813, Saw j =100 ##$$a Sawitri, Cok =245 ##$$a Janda dari jirah, sebuah novel, Cok Sawitri =260 ##$$a 2007 $b Jakarta =300 ##$$a 187 hlm, 20 cm =650 ##$$a Fiksi Indonesia =850 ##$$a NBPNMAT =990 ##$$a 21196299/BPAP-NTB/2014